| 000 | 01229cad a22002295a 4500 | ||
|---|---|---|---|
| 001 | E149808 | ||
| 008 | 100429s2010 xxk f lf000 0 eng d | ||
| 035 | _a(Sirsi) u149808 | ||
| 041 | 0 | _aeng | |
| 110 | 2 |
_aUnited Kingdom _kLaws, etc _95044 |
|
| 245 | 0 | 0 |
_aEnergy Act 2010 _h[electronic resource] |
| 260 |
_aLondon _bOPSI _c2010 |
||
| 505 | 2 | _aPart 1: carbon capture and storage and decarbonisation -- Part 2: schemes for reducing fuel poverty -- Part 3: regulation of gas and electricity markets -- Part 4: final provisions | |
| 520 | _aMakes provision relating to carbon capture and storage technology; decarbonisation of electricity generation; benefits provided by holders of gas or electricity supply licences; the Gas and Electricity Markets Authority; the general duties of the Secretary of State in relation to gas and electricity markets; electricity generation licences; and gas or electricity suppliers. | ||
| 521 | _aAdvanced | ||
| 590 | _aKA NTK | ||
| 651 | 4 |
_aEngland and Wales _y1543- |
|
| 651 | 4 |
_aScotland _y1999- |
|
| 690 | _aENVIRONMENTAL AND LAND CONSULTANCY-ENERGY | ||
| 856 | 4 | 0 |
_uhttps://www.opsi.gov.uk/acts/acts2010/ukpga_20100027_en_1 _zView the Act free of charge at www.opsi.gov.uk |
| 942 | _n0 | ||
| 999 |
_c110635 _d110635 |
||